Política económica : políticas instrumentales y sectoriales /

Guardado en:
Detalles Bibliográficos
Autor principal: Sevilla Jiménez, Martín (coord.)
Formato: Libro
Idioma:Español
Publicado: San Vicente del Raspeig, España : Universidad de Alicante, Campus San Vicente, 2000, c1998
Colección:(Textos Docentes)
Temas:
Etiquetas: Agrega una etiqueta
Sin etiquetas, Sé el primero en etiquetar este registro!

MARC

LEADER 00000nam^a2200000^a^4500
001 000172413
005 20250521000000.0
009 20260310101419.097
020 |a 84-7908-412-X 
037 |a Acervo ITESO - Biblioteca 
041 |a ESP 
082 |a 338. 946  |b SEV 
100 |a Sevilla Jiménez, Martín  |e (coord.) 
245 1 0 |a Política económica :  |b políticas instrumentales y sectoriales /  |c Coord. de M. Sevilla Jiménez. 
264 4 |a San Vicente del Raspeig, España :  |b Universidad de Alicante, Campus San Vicente,  |c 2000, c1998 
300 |a 396 p. 
336 |a texto  |b txt  |2 rdacontenido 
337 |a sin mediación  |b n  |2 rdamedio 
338 |a volumen  |b nc  |2 rdasoporte 
440 1 |a (Textos Docentes) 
649 |a XX 
650 |a Política Monetaria -  |z España 
650 |a Política Comercial -  |z España 
650 |a Oferta y Demanda -  |z España 
650 |a Competencia (Economía) -  |z España 
650 |a Infraestructura -  |z España 
650 |a Comercio Exterior -  |z España 
650 |a Política Fiscal -  |z España 
650 |a Política Laboral -  |z España 
650 |a Política Industrial -  |z España 
650 |a Política Agraria -  |z España 
650 |a Política Económica -  |z España 
910 |a Fondo General 
920 |a Impresos - Libros 
930 |a Colección General 
905 |a 101 
901 |a 0500110130  |b IT1  |c ACC  |u 20250521 
902 |a https://opac.biblio.iteso.mx/vufind/Record/000172413